[Event "Szachowe Lato Poznan 2011, OPEN"]
[Site "WSUS, Poznan"]
[Date "2011.??.17"]
[Round "2.1"]
[White "Jaskowski, Tadeusz"]
[Black "Moranda, Wojciech"]
[Result "0-1"]
[WhiteElo "1914"]
[BlackElo "2586"]
[PlyCount "114"]
[EventDate "2011.??.??"]

1. e4 c5 2. Nf3 d6 3. c3 Nf6 4. Bb5+ Nbd7 5. d3 a6 6. Bxd7+ Bxd7 7. O-O e6 8.
Re1 Be7 9. d4 cxd4 10. cxd4 d5 11. exd5 Nxd5 12. a3 O-O 13. Nbd2 Rc8 14. Ne4 f6
15. Qb3 b6 16. Bd2 Bb5 17. Rac1 Qd7 18. Qa2 Rxc1 19. Rxc1 Rc8 20. Qb1 Be2 21.
Ne1 Bb5 22. Rxc8+ Qxc8 23. Qc1 Qd7 24. Nc3 Bc6 25. Nxd5 Qxd5 26. Be3 Kf7 27. f3
Bb5 28. Qc3 a5 29. Nd3 Ba6 30. Nf4 Qb5 31. Qc1 Bd6 32. Nh3 Qc4 33. Qxc4 Bxc4
34. Nf2 Bc7 35. Ne4 Ke7 36. g3 Kd7 37. Kf2 Kc6 38. Nc3 h5 39. Ke1 b5 40. Kd2 b4
41. axb4 axb4 42. Ne4 Bb6 43. Nc5 e5 44. Nd3 exd4 45. Bf2 b3 46. Nf4 Bf7 47.
Ne2 Kd5 48. Nf4+ Kc4 49. Kd1 g5 50. Ng2 Bg6 51. Ne1 Bd8 52. Ng2 Bc2+ 53. Kc1
Kd3 54. Ne1+ Ke2 55. Nxc2 Be7 56. Kb1 bxc2+ 57. Kxc2 d3+ 0-1

[Event "Szachowe Lato Poznan 2011, OPEN"]
[Site "WSUS, Poznan"]
[Date "2011.??.??"]
[Round "2.2"]
[White "Tomczak, Jacek"]
[Black "Rusinski, Mateusz"]
[Result "1-0"]
[WhiteElo "2548"]
[BlackElo "1899"]
[PlyCount "39"]
[EventDate "2011.??.??"]

1. e4 e5 2. Nf3 Nc6 3. d4 exd4 4. Nxd4 Qh4 5. Nb5 Qxe4+ 6. Be2 Kd8 7. O-O Nf6
8. N1c3 Qe5 9. Re1 a6 10. Bf3 Qf5 11. Nd4 Nxd4 12. Qxd4 Qxc2 13. Bg5 Be7 14.
Rxe7 Kxe7 15. Re1+ Kf8 16. Bxf6 gxf6 17. Qxf6 Rg8 18. Nd5 Qc5 19. Qh6+ Rg7 20.
Nf6 1-0

[Event "Szachowe Lato Poznan 2011, OPEN"]
[Site "WSUS, Poznan"]
[Date "2011.??.17"]
[Round "2.3"]
[White "Chojnacki, Tomasz"]
[Black "Szelag, Marcin"]
[Result "0-1"]
[WhiteElo "1874"]
[BlackElo "2478"]
[PlyCount "60"]
[EventDate "2011.??.??"]

1. e4 c5 2. Nf3 d6 3. d4 cxd4 4. Nxd4 Nf6 5. Nc3 a6 6. Bc4 e6 7. O-O b5 8. Bb3
Be7 9. Qf3 Qc7 10. Qg3 O-O 11. Bh6 Ne8 12. Rad1 Bd7 13. Nf3 Nc6 14. Bf4 Rd8 15.
e5 dxe5 16. Nxe5 Nxe5 17. Bxe5 Qb7 18. Rd4 Bc6 19. Rfd1 Nf6 20. Ne2 Rxd4 21.
Nxd4 Rd8 22. c3 Bd5 23. Rd3 Bc4 24. Re3 Bxb3 25. axb3 b4 26. f4 g6 27. Qg5 Nd5
28. Qh6 Bf8 29. Qh4 Nxe3 30. Kf2 Be7 0-1

[Event "Szachowe Lato Poznan 2011, OPEN"]
[Site "WSUS, Poznan"]
[Date "2011.??.17"]
[Round "2.4"]
[White "Kaczmarek, Piotr"]
[Black "Urban, Klaudiusz"]
[Result "0-1"]
[WhiteElo "1848"]
[BlackElo "2456"]
[PlyCount "74"]
[EventDate "2011.??.??"]

1. Nf3 Nf6 2. g3 d5 3. Bg2 c5 4. O-O Nc6 5. d4 cxd4 6. Nxd4 Qb6 7. c3 e6 8. Nb3
Be7 9. Be3 Qc7 10. h3 O-O 11. N1d2 Rd8 12. Rc1 h6 13. Nf3 e5 14. Qc2 b6 15.
Rfd1 Be6 16. Nh4 Qd7 17. Kh2 Rac8 18. Qd2 Qe8 19. Nf3 d4 20. cxd4 Bb4 21. Qd3
e4 22. Qb5 exf3 23. Bxf3 Bd5 24. Rxc6 Qxc6 25. Qxb4 Bxf3 26. exf3 Qxf3 27. Qe1
Rc2 28. Rd2 Rdc8 29. Qb1 Qe4 30. Qd1 Nd5 31. Qe2 Nxe3 32. fxe3 Rxd2 33. Nxd2
Rc2 34. Nxe4 Rxe2+ 35. Kg1 Rxe3 36. Nc3 Rxg3+ 37. Kh2 Rd3 0-1

[Event "Szachowe Lato Poznan 2011, OPEN"]
[Site "WSUS, Poznan"]
[Date "2011.??.??"]
[Round "2.5"]
[White "Chojnacki, Krzysztof"]
[Black "Lambucki, Lukasz"]
[Result "1-0"]
[WhiteElo "2437"]
[BlackElo "1844"]
[PlyCount "57"]
[EventDate "2011.??.??"]

1. d4 Nf6 2. c4 e5 3. dxe5 Ng4 4. e4 Nxe5 5. f4 Nec6 6. Be3 Bb4+ 7. Nc3 Qe7 8.
Bd3 O-O 9. Nge2 f5 10. O-O Bxc3 11. Nxc3 d6 12. Qf3 Be6 13. Rae1 Qf7 14. c5
dxc5 15. Bxc5 Rd8 16. b3 Kh8 17. exf5 Bxf5 18. Bc4 Qg6 19. Nd5 Nd7 20. Ba3 Nb6
21. Bb2 Bg4 22. Qf2 Nxd5 23. f5 Qg5 24. Bxd5 Rxd5 25. f6 Ne5 26. fxg7+ Kxg7 27.
Qf7+ Kh6 28. Rxe5 Rxe5 29. Rf6+ 1-0

[Event "Szachowe Lato Poznan 2011, OPEN"]
[Site "WSUS, Poznan"]
[Date "2011.??.17"]
[Round "2.6"]
[White "Szymanski, Leszek"]
[Black "Sliwerski, Radoslaw"]
[Result "0-1"]
[WhiteElo "1840"]
[BlackElo "2174"]
[PlyCount "85"]
[EventDate "2011.??.??"]

1. b4 d5 2. e3 Nf6 3. Nf3 Bg4 4. Be2 e6 5. a3 Nbd7 6. c4 c6 7. d3 a5 8. b5 cxb5
9. cxb5 Qc7 10. Bb2 Bxf3 11. Bxf3 Bd6 12. g3 O-O 13. Nc3 a4 14. Nxa4 Qa5+ 15.
Nc3 Rfc8 16. Qd2 Nc5 17. Bd1 Nfd7 18. d4 Nb6 19. dxc5 Nc4 20. Qe2 Be5 21. Rc1
Nxb2 22. Qxb2 Rxc5 23. O-O Bxc3 24. Qe2 Qxa3 25. Rb1 Bf6 26. Rb3 Qc1 27. Qd3
Qc4 28. Qxc4 dxc4 29. Rb1 c3 30. Bc2 Kf8 31. Rfc1 Ra2 32. Kg2 Rb2 33. Be4 Rcxb5
34. Rxb2 Rxb2 35. Rc2 Rb4 36. Kf3 b5 37. Bd3 Ke7 38. Kg2 Kd6 39. f4 Kc5 40. g4
h6 41. g5 hxg5 42. fxg5 Be5 43. Kf3 0-1

[Event "Szachowe Lato Poznan 2011, OPEN"]
[Site "WSUS, Poznan"]
[Date "2011.??.??"]
[Round "2.7"]
[White "Bernat, Marcin"]
[Black "Jedrzejczak, Przemyslaw"]
[Result "1-0"]
[WhiteElo "2138"]
[BlackElo "1814"]
[PlyCount "49"]
[EventDate "2011.??.??"]

1. d4 Nf6 2. c4 c5 3. Nf3 g6 4. Nc3 Bg7 5. e4 cxd4 6. Nxd4 d6 7. Be2 O-O 8. Be3
Nc6 9. Qd2 Nxd4 10. Bxd4 Be6 11. O-O a6 12. f4 Qa5 13. Qe3 Qc7 14. Rac1 Rfe8
15. f5 Bd7 16. Nd5 Nxd5 17. cxd5 Bxd4 18. Qxd4 Qb8 19. f6 e5 20. Qd2 Qa7+ 21.
Kh1 Kh8 22. Rc7 Rad8 23. Qh6 Rg8 24. Rxd7 Rxd7 25. Rf3 1-0

[Event "Szachowe Lato Poznan 2011, OPEN"]
[Site "WSUS, Poznan"]
[Date "2011.??.17"]
[Round "2.8"]
[White "Simon, Marek"]
[Black "Nawrocki, Przemyslaw"]
[Result "1/2-1/2"]
[WhiteElo "1819"]
[BlackElo "2059"]
[PlyCount "152"]
[EventDate "2011.??.??"]

1. d4 Nf6 2. c4 g6 3. Nc3 d5 4. Qb3 dxc4 5. Qxc4 Bg7 6. e4 O-O 7. Be2 Nbd7 8.
h3 Nb6 9. Qd3 Ne8 10. Be3 f5 11. Rd1 fxe4 12. Qxe4 Nd6 13. Qc2 Nf5 14. Qe4 Nxe3
15. Qxe3 c6 16. Nf3 Qd6 17. O-O Kh8 18. a3 Be6 19. Rfe1 Bg8 20. Ne4 Nd5 21. Qd2
Qc7 22. Nc5 b6 23. Nd3 Rad8 24. Qc2 Qd6 25. Nde5 Rc8 26. b4 c5 27. bxc5 bxc5
28. dxc5 Rxc5 29. Qe4 Rf4 30. Qxf4 Nxf4 31. Rxd6 exd6 32. Nd3 Nxd3 33. Bxd3 Rc3
34. Bb5 Rxa3 35. Re8 d5 36. Bc6 Ra5 37. Bd7 Ra6 38. Ng5 Rf6 39. Be6 Rf8 40.
Nf7+ Bxf7 41. Rxf8+ Bxf8 42. Bxf7 d4 43. Bc4 Kg7 44. Kf1 g5 45. Ke2 Kf6 46. Kd3
Ke5 47. Ba6 Kd5 48. g3 Ba3 49. f4 gxf4 50. gxf4 Bc1 51. f5 Bb2 52. Bb5 a5 53.
Be8 Ke5 54. Bd7 Bc3 55. Bc6 h6 56. Bd7 h5 57. h4 Be1 58. Be8 Bxh4 59. Bxh5 Bf6
60. Bg6 a4 61. Be8 a3 62. Bf7 Kxf5 63. Ba2 Kf4 64. Bd5 Be5 65. Bc4 Kf3 66. Bd5+
Kf2 67. Kd2 Bf4+ 68. Kd3 Be3 69. Kc2 Ke2 70. Bc4+ Ke1 71. Bd5 Bg5 72. Kd3 Bf6
73. Kc2 Ke2 74. Bc4+ Ke3 75. Kb3 Be7 76. Kc2 Bd6 1/2-1/2

[Event "Szachowe Lato Poznan 2011, OPEN"]
[Site "WSUS, Poznan"]
[Date "2011.??.17"]
[Round "2.9"]
[White "Stachowiak, Slawomir"]
[Black "Niekras, Dawid"]
[Result "1-0"]
[WhiteElo "2023"]
[BlackElo "1797"]
[PlyCount "75"]
[EventDate "2011.??.??"]

1. e4 e5 2. Nf3 Nc6 3. Bb5 a6 4. Ba4 Nf6 5. O-O Be7 6. Re1 b5 7. Bb3 d6 8. c3
O-O 9. d4 Bg4 10. d5 Na5 11. Bc2 c6 12. dxc6 Nxc6 13. Nbd2 d5 14. exd5 Nxd5 15.
Nf1 Bf6 16. Ng3 g6 17. h3 Be6 18. Ne4 Bg7 19. Nc5 Qe7 20. Nxe6 Qxe6 21. Bb3
Nce7 22. Bg5 f6 23. Nxe5 fxg5 24. Nf3 Qf5 25. Rxe7 Rac8 26. Re2 Rf7 27. Rd2 Rd7
28. g4 Qe6 29. Nxg5 Qe5 30. Nf3 Qe6 31. Nd4 Qb6 32. Ne2 Rf8 33. Qe1 Qc5 34.
Rad1 Rfd8 35. Rxd5 Rxd5 36. Rxd5 Rxd5 37. Qd1 Qc4 38. Bxc4 1-0

[Event "Szachowe Lato Poznan 2011, OPEN"]
[Site "WSUS, Poznan"]
[Date "2011.??.??"]
[Round "2.10"]
[White "Rys, Marek"]
[Black "Bajerlein, Dawid"]
[Result "0-1"]
[WhiteElo "1811"]
[BlackElo "2016"]
[PlyCount "60"]
[EventDate "2011.??.??"]

1. d4 c5 2. d5 e5 3. c4 d6 4. Nc3 g6 5. e4 Bg7 6. Bd3 Ne7 7. Nge2 O-O 8. O-O f5
9. f4 Nd7 10. Be3 fxe4 11. Bxe4 Nf5 12. Bf2 a6 13. g3 Rb8 14. Rb1 b5 15. b3
exf4 16. gxf4 Nf6 17. Bf3 Re8 18. Qd3 Bd7 19. Rbc1 b4 20. Nd1 Qe7 21. Ng3 Nxg3
22. hxg3 Bf5 23. Qd2 Ne4 24. Bxe4 Qxe4 25. Re1 Qf3 26. Re3 Qh5 27. Be1 Bd4 28.
Bf2 Be4 29. Rxe4 Rxe4 30. Bxd4 Re2 0-1

[Event "Szachowe Lato Poznan 2011, OPEN"]
[Site "WSUS, Poznan"]
[Date "2011.??.??"]
[Round "2.11"]
[White "Hemmerling, Jaroslaw"]
[Black "Zielewicz, Piotr"]
[Result "0-1"]
[WhiteElo "1994"]
[BlackElo "1773"]
[PlyCount "60"]
[EventDate "2011.??.??"]

1. e4 c5 2. Nf3 d6 3. d4 cxd4 4. Nxd4 Nf6 5. Nc3 a6 6. Be2 Nc6 7. O-O e6 8. Be3
Be7 9. a4 Bd7 10. Nb3 Na5 11. f4 Nxb3 12. cxb3 Bc6 13. Bf3 Qa5 14. Qd4 O-O 15.
b4 Qc7 16. b5 axb5 17. axb5 Bd7 18. e5 Rxa1 19. Rxa1 Ne8 20. Ra7 d5 21. Bxd5
Bc8 22. Bxb7 Bxb7 23. Qb6 Qc4 24. Rxb7 Bb4 25. Qc6 Qb3 26. Rb8 Qxb2 27. Rxe8 g6
28. Rxf8+ Bxf8 29. Nd1 Qe2 30. Qd7 Qe1# 0-1

[Event "Szachowe Lato Poznan 2011, OPEN"]
[Site "WSUS, Poznan"]
[Date "2011.??.17"]
[Round "2.12"]
[White "Piechota, Izabela"]
[Black "Wesolowski, Edgar"]
[Result "0-1"]
[WhiteElo "1780"]
[BlackElo "1983"]
[PlyCount "84"]
[EventDate "2011.??.??"]

1. e4 c5 2. Nc3 Nc6 3. g3 g6 4. Bg2 Bg7 5. d3 d6 6. Be3 e5 7. Nge2 Nge7 8. O-O
Be6 9. f4 Nd4 10. Qd2 d5 11. Nd1 O-O 12. fxe5 Nxe2+ 13. Qxe2 d4 14. Bg5 Qc7 15.
Bf6 Nc6 16. Bxg7 Kxg7 17. Qf3 Qxe5 18. Nf2 f5 19. exf5 Rxf5 20. Qd1 Bd5 21. Bh3
Rf7 22. Ng4 Rxf1+ 23. Qxf1 Qd6 24. Qe2 h5 25. Nf2 Ne5 26. Ne4 Qc6 27. Bg2 Ng4
28. c4 dxc3 29. bxc3 c4 30. dxc4 Bxc4 31. Qd2 Qb6+ 32. Kh1 Rd8 33. Qf4 Rf8 34.
Qd2 Ne3 35. Re1 Nxg2 36. Kxg2 Rd8 37. Qf4 Re8 38. Qd2 Qd8 39. Qf2 Qd5 40. Qf3
Qc6 41. Qe3 Rxe4 42. Qxe4 Bd5 0-1

[Event "Szachowe Lato Poznan 2011, OPEN"]
[Site "WSUS, Poznan"]
[Date "2011.??.??"]
[Round "2.13"]
[White "Kozlowski, Tomasz"]
[Black "Palasz, Krzysztof"]
[Result "1-0"]
[WhiteElo "1958"]
[BlackElo "1734"]
[PlyCount "66"]
[EventDate "2011.??.??"]

1. b3 e5 2. Bb2 Nc6 3. e3 d5 4. Bb5 Bd7 5. Nf3 Qe7 6. Bxc6 bxc6 7. d3 Bg4 8. h3
Bh5 9. g4 Bg6 10. Nbd2 h5 11. g5 h4 12. e4 d4 13. Qe2 f6 14. O-O-O fxg5 15. Qf1
Nh6 16. Qg2 Nf7 17. Rdg1 Rh5 18. Nc4 Qf6 19. Kb1 a5 20. Bxd4 exd4 21. e5 Nxe5
22. Nfxe5 Ra6 23. Qg4 c5 24. Qc8+ Ke7 25. Qxc7+ Ke8 26. Qc8+ Ke7 27. Qxc5+ Qd6
28. Nxg6+ Kf7 29. Qb5 Kxg6 30. f4 Qf6 31. fxg5 Qc6 32. Qe5 a4 33. Rf1 axb3 1-0

[Event "Szachowe Lato Poznan 2011, OPEN"]
[Site "WSUS, Poznan"]
[Date "2011.??.??"]
[Round "2.16"]
[White "Kaluzny, Jacek"]
[Black "Bartkowiak, Damian"]
[Result "0-1"]
[WhiteElo "1552"]
[BlackElo "2123"]
[PlyCount "98"]
[EventDate "2011.??.??"]

1. d4 d5 2. Nf3 Nf6 3. Bf4 Nh5 4. Bg5 h6 5. Bh4 g5 6. Bg3 Nxg3 7. hxg3 Bg7 8.
e3 c5 9. c3 Qb6 10. Qb3 c4 11. Qxb6 axb6 12. Be2 Nc6 13. Nbd2 b5 14. O-O b4 15.
e4 e6 16. e5 O-O 17. a3 bxc3 18. bxc3 f6 19. exf6 Bxf6 20. Rfc1 Ra5 21. Ra2 Bd7
22. Rb1 b5 23. Rbb2 g4 24. Nh4 Nxd4 25. Bxg4 Nc6 26. Rc2 Rfa8 27. Nb1 b4 28.
Rab2 b3 29. Re2 Ne5 30. Bh3 Kf7 31. Nf3 Nd3 32. Rbd2 Rxa3 33. Nxa3 Rxa3 34. Nd4
Bxd4 35. cxd4 c3 36. Rxd3 c2 37. Rc3 b2 38. Rcxc2 b1=Q+ 39. Kh2 Ra1 40. g4 Qb8+
41. Re5 Re1 42. f4 Rxe5 43. fxe5 Qb4 44. Rf2+ Kg7 45. g3 Qxd4 46. Re2 Bb5 47.
Ra2 Bc4 48. Ra8 Qf2+ 49. Kh1 Be2 0-1

[Event "Szachowe Lato Poznan 2011, OPEN"]
[Site "WSUS, Poznan"]
[Date "2011.??.17"]
[Round "2.17"]
[White "Kaluzny, Wlodzimierz"]
[Black "Cholewa, Maria"]
[Result "1/2-1/2"]
[WhiteElo "2114"]
[BlackElo "1857"]
[PlyCount "83"]
[EventDate "2011.??.??"]

1. d4 d5 2. c3 Nf6 3. Nf3 Bf5 4. Bf4 e6 5. e3 Nbd7 6. Bd3 Bxd3 7. Qxd3 c5 8.
Nbd2 Be7 9. h3 h6 10. O-O O-O 11. Bh2 Rc8 12. Rad1 Qb6 13. Qb1 cxd4 14. exd4
Nh7 15. Rfe1 Bd6 16. Ne5 Nxe5 17. Bxe5 Bxe5 18. Rxe5 Nf6 19. Re3 Qd6 20. Rde1
b5 21. a3 a5 22. Nb3 b4 23. axb4 axb4 24. Nc5 bxc3 25. bxc3 Nd7 26. Nxd7 Qxd7
27. Rg3 Rb8 28. Qd1 Kh7 29. Qg4 g6 30. h4 h5 31. Qf4 Rb3 32. Re5 f6 33. Ree3
Rb6 34. Qf3 Qf7 35. Qe2 Rfb8 36. Rgf3 Rb2 37. Qd3 Rb1+ 38. Kh2 Ra1 39. Rf4 Rbb1
40. g3 Rh1+ 41. Kg2 Rhg1+ 42. Kh2 1/2-1/2

[Event "Szachowe Lato Poznan 2011, OPEN"]
[Site "WSUS, Poznan"]
[Date "2011.??.17"]
[Round "2.18"]
[White "Musialkiewicz, Pawel"]
[Black "Wittig, Zenon"]
[Result "1-0"]
[WhiteElo "1961"]
[BlackElo "1631"]
[PlyCount "71"]
[EventDate "2011.??.??"]

1. d4 d5 2. c4 e6 3. Nc3 Nf6 4. cxd5 exd5 5. Bg5 Nbd7 6. e3 Be7 7. Bd3 h6 8.
Bh4 O-O 9. Qc2 c6 10. Nge2 b6 11. O-O Bb7 12. f3 c5 13. Rac1 Rc8 14. Qd2 Re8
15. Bf5 Nh7 16. Bf2 Nhf8 17. Rfd1 c4 18. Nf4 Bb4 19. a3 Bxc3 20. bxc3 Ne6 21.
Ne2 Qf6 22. Bb1 g6 23. Rf1 Ng5 24. Kh1 Qd6 25. a4 Kg7 26. Ng3 h5 27. e4 Ne6 28.
e5 Qe7 29. f4 f6 30. f5 Ng5 31. fxg6 Kg8 32. Nf5 Qa3 33. exf6 Nxf6 34. Qxg5 Ne4
35. Bxe4 Rxe4 36. g7 1-0

[Event "Szachowe Lato Poznan 2011, OPEN"]
[Site "WSUS, Poznan"]
[Date "2011.??.17"]
[Round "2.19"]
[White "Kaczmarczyk, Pawel"]
[Black "Rozumek, Krzysztof"]
[Result "0-1"]
[WhiteElo "1635"]
[BlackElo "1929"]
[PlyCount "98"]
[EventDate "2011.??.??"]

1. e4 c6 2. d4 d5 3. exd5 cxd5 4. c4 dxc4 5. Bxc4 Nf6 6. Qb3 e6 7. Be3 a6 8.
Nc3 b5 9. Be2 Bb7 10. Bf3 Bxf3 11. Nxf3 b4 12. Na4 Nbd7 13. Nc5 Nd5 14. Bg5 Qc8
15. Nxd7 Qxd7 16. Ne5 Qb5 17. Qf3 f6 18. Qh5+ g6 19. Nxg6 hxg6 20. Qxh8 fxg5
21. Qe5 Nf4 22. Qxb5+ axb5 23. Kd2 Nxg2 24. Rhg1 Nh4 25. Kd3 Be7 26. Rge1 Kf7
27. Re5 Rb8 28. Rc1 Nf5 29. Rc7 Rd8 30. Rxb5 Rxd4+ 31. Ke2 Kf6 32. Kf3 Rd2 33.
Rxe7 Nxe7 34. Rxb4 Nd5 35. Rb3 Nf4 36. a4 Kf5 37. a5 g4+ 38. Kg3 Rd1 39. f3
gxf3 40. Kxf3 Ra1 41. Rb5+ e5 42. b4 Ra3+ 43. Kf2 Ra2+ 44. Kf3 Rxh2 45. a6 Ra2
46. Ra5 Rxa5 47. bxa5 Nd5 48. a7 Nc7 49. Ke3 Kf6 0-1

[Event "Szachowe Lato Poznan 2011, OPEN"]
[Site "WSUS, Poznan"]
[Date "2011.??.17"]
[Round "2.20"]
[White "Gorniewicz, Oskar"]
[Black "Kaluzny, Tomasz"]
[Result "1-0"]
[WhiteElo "1914"]
[BlackElo "1635"]
[PlyCount "67"]
[EventDate "2011.??.??"]

1. d4 d5 2. c4 c6 3. cxd5 cxd5 4. Nc3 Nc6 5. Bf4 Nf6 6. e3 Bf5 7. Qb3 Qd7 8.
Nf3 a6 9. Na4 Na5 10. Qb4 Nc6 11. Qb6 e6 12. Nc5 Bxc5 13. dxc5 O-O 14. Be2 Rac8
15. O-O Rfe8 16. Ne5 Nxe5 17. Bxe5 Ne4 18. b4 f6 19. Bb2 Qc6 20. Qxc6 Rxc6 21.
Rfd1 Ng5 22. h4 Nf7 23. Rac1 Rec8 24. g4 Be4 25. f3 Bxf3 26. Bxf3 a5 27. a3
axb4 28. axb4 Rb8 29. e4 dxe4 30. Bxe4 Rc7 31. Ra1 Nd8 32. Ra7 h6 33. Ba3 Kf7
34. b5 1-0

[Event "Szachowe Lato Poznan 2011, OPEN"]
[Site "WSUS, Poznan"]
[Date "2011.??.17"]
[Round "2.21"]
[White "Kostecki, Samuel"]
[Black "Warchol, Maria"]
[Result "0-1"]
[WhiteElo "1341"]
[BlackElo "1820"]
[PlyCount "89"]
[EventDate "2011.??.??"]

1. d4 d5 2. c4 c6 3. g3 Bf5 4. Qb3 b6 5. Bg2 e6 6. Nf3 Bd6 7. O-O Nf6 8. Bg5
Nbd7 9. Nc3 h6 10. Bd2 O-O 11. Rac1 Rc8 12. cxd5 exd5 13. Nh4 Be6 14. Rfe1 Re8
15. a3 Nf8 16. Qa4 c5 17. dxc5 bxc5 18. e3 Rb8 19. Nd1 N6d7 20. Ba5 Qe7 21. Qc2
g6 22. Bc3 c4 23. h3 Nc5 24. Bf1 Ne4 25. Kg2 Qc7 26. Kh2 g5 27. Nf3 Bf5 28. Nd4
Bg6 29. Qe2 Nc5 30. Ra1 Nd3 31. Bg2 Nxe1 32. Qxe1 Nd7 33. Kg1 Nc5 34. Bd2 Be5
35. Bc3 h5 36. Nf3 Bxc3 37. Qxc3 Qc6 38. Nd4 Qd6 39. Nf3 Nb3 40. Ra2 Bb1 41.
Ra1 Nxa1 42. Qc1 Qg6 43. Nc3 Nb3 44. Qxb1 Qxb1+ 45. Nxb1 0-1

[Event "Szachowe Lato Poznan 2011, OPEN"]
[Site "WSUS, Poznan"]
[Date "2011.??.17"]
[Round "2.22"]
[White "Shishkin, Vadim"]
[Black "Choremska, Zuzanna"]
[Result "1-0"]
[WhiteElo "2457"]
[BlackElo "1469"]
[PlyCount "51"]
[EventDate "2011.??.??"]

1. d4 d5 2. c4 e6 3. Nc3 Nf6 4. Nf3 c6 5. g3 g6 6. Bg2 Nbd7 7. O-O Bg7 8. Bg5
O-O 9. Qd2 b6 10. Rac1 Ba6 11. Ne5 Rc8 12. b3 Qe7 13. h4 Rfd8 14. Qf4 Rc7 15.
cxd5 c5 16. Nc6 Rxc6 17. dxc6 cxd4 18. Ne4 Kf8 19. cxd7 Rxd7 20. Nxf6 Bxf6 21.
Bxf6 Qd6 22. Rc6 Qb4 23. Rfc1 Ke8 24. Rc8+ Bxc8 25. Rxc8+ Rd8 26. Rxd8# 1-0

[Event "Szachowe Lato Poznan 2011, OPEN"]
[Site "WSUS, Poznan"]
[Date "2011.??.??"]
[Round "2.23"]
[White "Hoffmann, Piotr"]
[Black "Jarmuzek, Jaroslaw"]
[Result "1-0"]
[WhiteElo "1771"]
[BlackElo "1386"]
[PlyCount "47"]
[EventDate "2011.??.??"]

1. Nc3 d5 2. e4 d4 3. Nce2 Nc6 4. Nf3 e5 5. Ng3 Bd6 6. Bc4 Nf6 7. O-O O-O 8. d3
Na5 9. Bb3 Nxb3 10. axb3 h6 11. Bd2 Be6 12. c4 c5 13. Qc1 a5 14. h3 Re8 15. Ne1
Nh7 16. f4 exf4 17. Bxf4 Nf6 18. e5 Be7 19. exf6 Bxf6 20. Ne4 Be7 21. Rf3 f6
22. Bxh6 gxh6 23. Qxh6 Bf8 24. Nxf6+ 1-0

[Event "Szachowe Lato Poznan 2011, OPEN"]
[Site "WSUS, Poznan"]
[Date "2011.??.17"]
[Round "2.24"]
[White "Raczynski, Krzysztof"]
[Black "Palasz, Michal"]
[Result "1-0"]
[WhiteElo "1494"]
[BlackElo "1747"]
[PlyCount "67"]
[EventDate "2011.??.??"]

1. e4 c5 2. Nf3 Nc6 3. d4 cxd4 4. Nxd4 e6 5. Be3 Qc7 6. a3 Nf6 7. Nc3 Be7 8. f3
O-O 9. Qd2 a6 10. O-O-O d5 11. exd5 Nxd5 12. Nxd5 exd5 13. g4 Nxd4 14. Bxd4 b5
15. Re1 Bb7 16. Bd3 Bd6 17. Kb1 Bc6 18. h4 a5 19. g5 b4 20. axb4 axb4 21. b3
Rfd8 22. h5 Bf4 23. Re3 Bxe3 24. Qxe3 Re8 25. Qd2 Qg3 26. g6 fxg6 27. hxg6 h5
28. Qxb4 h4 29. Qc3 Rec8 30. Bxg7 Qg2 31. Rf1 Bb5 32. Qf6 Ra7 33. Bh6 Rc6 34.
Qf8# 1-0

[Event "Szachowe Lato Poznan 2011, OPEN"]
[Site "WSUS, Poznan"]
[Date "2011.??.17"]
[Round "2.27"]
[White "Pawlowski, Rafal"]
[Black "Pawlicki, Dariusz"]
[Result "0-1"]
[WhiteElo "1462"]
[BlackElo "1703"]
[PlyCount "119"]
[EventDate "2011.??.??"]

1. f4 d5 2. Nf3 Nc6 3. e3 Nf6 4. Bb5 Bd7 5. O-O e6 6. Nc3 Be7 7. d3 O-O 8. Bd2
a6 9. Ba4 b5 10. Bb3 Na7 11. Ne5 c5 12. a3 Nc6 13. Nxd7 Qxd7 14. Qf3 c4 15. Ba2
d4 16. Ne4 cxd3 17. Nxf6+ Bxf6 18. e4 dxc2 19. e5 Be7 20. Qd3 Rac8 21. Rac1 b4
22. a4 a5 23. Bb3 f6 24. exf6 Bxf6 25. Bxc2 g6 26. Rce1 Kh8 27. Bb3 Rfe8 28.
Bc4 Qd6 29. b3 Re7 30. Re3 e5 31. Rh3 e4 32. Qg3 e3 33. Bc1 d3 34. Bxe3 Rxe3
35. Qg4 Ree8 36. Bf7 Bd4+ 37. Kh1 Bg7 38. Bxe8 Rxe8 39. Rxd3 Qe6 40. Qg3 Qe2
41. Rdf3 Bf6 42. f5 Ne5 43. R3f2 Qg4 44. Qe3 g5 45. Qa7 Re7 46. Qxa5 Nd3 47.
Rf3 Ne1 48. R3f2 Nd3 49. Rf3 Nf4 50. g3 Ne2 51. Kg2 Qe4 52. h3 h5 53. Kh2 h4
54. Kg2 Nxg3 55. R1f2 Ne2 56. Kf1 Qb1+ 57. Kg2 Ng3 58. Rxg3 hxg3 59. Kxg3 Qg1+
60. Kf3 0-1